紧急号码我知道 ( I know the emergency numbers) / (Record no. 10057)
[ view plain ]
| 000 -LEADER | |
|---|---|
| fixed length control field | 00483nam a22001817a 4500 |
| 001 - CONTROL NUMBER | |
| control field | 10057 |
| 003 - CONTROL NUMBER IDENTIFIER | |
| control field | FISKH |
| 005 - DATE AND TIME OF LATEST TRANSACTION | |
| control field | 20260403112024.0 |
| 008 - FIXED-LENGTH DATA ELEMENTS--GENERAL INFORMATION | |
| fixed length control field | 260402b cb ||||| |||| 00| 0 eng d |
| 020 ## - INTERNATIONAL STANDARD BOOK NUMBER | |
| International Standard Book Number | 9787557528782 |
| 040 ## - CATALOGING SOURCE | |
| Original cataloging agency | FISKH |
| Language of cataloging | chi |
| Transcribing agency | FISKH |
| Modifying agency | FISKH |
| 082 ## - DEWEY DECIMAL CLASSIFICATION NUMBER | |
| Classification number | 362.4 |
| 100 ## - MAIN ENTRY--PERSONAL NAME | |
| Personal name | 严欢 |
| 245 ## - TITLE STATEMENT | |
| Title | 紧急号码我知道 ( I know the emergency numbers) / |
| Statement of responsibility, etc. | 颜欢 |
| 300 ## - PHYSICAL DESCRIPTION | |
| Extent | 23 pages : |
| Other physical details | color illustrations ; |
| Dimensions | 23 cm . |
| 942 ## - ADDED ENTRY ELEMENTS (KOHA) | |
| Source of classification or shelving scheme | Dewey Decimal Classification |
| Koha item type | Chinese Book |
| Suppress in OPAC | No |
| Withdrawn status | Lost status | Source of classification or shelving scheme | Damaged status | Not for loan | Collection | Home library | Current library | Shelving location | Date acquired | Total Checkouts | Full call number | Barcode | Date last seen | Price effective from | Koha item type |
|---|---|---|---|---|---|---|---|---|---|---|---|---|---|---|---|
| Dewey Decimal Classification | Reference | Footprints International School Library Network Toul Tom Poung Campus | Footprints International School Library Network Toul Tom Poung Campus | Librarian's Shelf TTP | 04/02/2026 | 颜欢 362.4 | 2026-0439 | 04/02/2026 | 04/02/2026 | Chinese Book |
